| Tag |
First Indicator |
Second Indicator |
Subfields |
| LEADER |
00000cem a2200000Ia 4500 |
| 001 |
in00002492462 |
| 005 |
20211202191519.0 |
| 006 |
m d f |
| 007 |
aj cznzn |
| 007 |
cr cn||||||||| |
| 008 |
090505s2009 vauag cp a fs 0 eng d |
| 034 |
1 |
|
|a a
|b 24000
|d W1143730
|e W1143000
|f N0345230
|g N0344500
|
| 035 |
|
|
|a (OCoLC)ocn320232701
|
| 040 |
|
|
|a GPO
|c GPO
|d CIT
|d GPO
|d MvI
|d UtOrBLW
|
| 043 |
|
|
|a n-us-az
|a n-us-ca
|
| 049 |
|
|
|a WWW
|
| 050 |
1 |
4 |
|a G3701.C5
|b .M57 no.3062
|
| 052 |
|
|
|a 4331
|
| 052 |
|
|
|a 4361
|
| 074 |
|
|
|a 0619-G-33 (online)
|
| 086 |
0 |
|
|a I 19.91/3:3062
|
| 100 |
1 |
|
|a Malmon, Daniel V.
|
| 245 |
1 |
0 |
|a Geologic map of the Needles 7.5' quadrangle, California and Arizona /
|c by Daniel V. Malmon, Keith A. Howard, and Susan S. Priest.
|
| 250 |
|
|
|a Version 1.0.
|
| 255 |
|
|
|a Scale 1:24,000 ;
|b polyconic proj.
|c (W 114°37ʹ30ʺ --W 114°30ʹ00ʺ /N 34°52ʹ30ʺ --N 34°45ʹ00ʺ).
|
| 264 |
|
1 |
|a [Reston, Va.] :
|b U.S. Dept. of the Interior, U.S. Geological Survey,
|c 2009.
|
| 300 |
|
|
|a 1 electronic map :
|b HTML, digital, PDF file.
|
| 336 |
|
|
|a cartographic image
|b cri
|2 rdacontent
|
| 337 |
|
|
|a computer
|b c
|2 rdamedia
|
| 338 |
|
|
|a online resource
|b cr
|2 rdacarrier
|
| 490 |
1 |
|
|a U.S. Geological Survey scientific investigations map ;
|v 3062
|
| 500 |
|
|
|a Relief shown by contours and spot heights.
|
| 538 |
|
|
|a Mode of access: Internet from the USGS web site. Address as of 5/5/09: http://pubs.usgs.gov/sim/3062/ ; current access is available via PURL.
|
| 500 |
|
|
|a Title from HTML index page (viewed May 5, 2009).
|
| 500 |
|
|
|a Accompanied by pamphlet (ii, 31 pages).
|
| 500 |
|
|
|a Includes location map.
|
| 504 |
|
|
|a Includes bibliographical references in pamphlet (pages 29-31).
|
| 500 |
|
|
|a Electronic resource.
|
| 650 |
|
0 |
|a Geology
|z Arizona
|v Maps.
|
| 650 |
|
0 |
|a Geology
|z California
|v Maps.
|
| 700 |
1 |
|
|a Howard, Keith A.
|
| 700 |
1 |
|
|a Priest, Susan S.
|
| 710 |
2 |
|
|a Geological Survey (U.S.)
|
| 830 |
|
0 |
|a Scientific investigations map ;
|v 3062.
|
| 856 |
4 |
0 |
|u https://purl.fdlp.gov/GPO/LPS112106
|t 0
|
| 999 |
|
|
|a MARS
|
| 999 |
f |
f |
|s e057e587-9e85-319e-85da-42c136473b80
|i 86afebcb-0df6-30b0-bb7f-7bf4481fb9c7
|t 0
|
| 952 |
f |
f |
|a Texas A&M University
|b College Station
|c Electronic Resources
|d Available Online
|t 0
|e I 19.91/3:3062
|h Superintendent of Documents classification
|
| 998 |
f |
f |
|a I 19.91/3:3062
|t 0
|l Available Online
|